Statistics for Red Dead Redemption Ultimate Quiz!

Click here to take the quiz!

General Stats

  • This quiz has been taken 165 times
  • The average score is 12 of 17

Answer Stats

HintAnswer% Correct
Protagonist of RDR2Arthur Morgan
99%
Protagonist of RDRJohn Marston
96%
🐀(rat)Micah Bell
92%
Gang LeaderDutch Van Der Linde
91%
Son of one of the protagonistsJack Marston
90%
Widow that joins the gangSadie Adler
83%
Wife of one of the protagonistsAbigail Marston
72%
One of the youngest membersLenny Summers
68%
Dutch's love interestMolly O' Shea
68%
Irish gunslingerSean MacGuire
65%
Enemy who joins the gangKieran Duffy
62%
Guy who is always drunkReverend Swanson
62%
The gang's "dog"Cain
58%
Member who got Arthur sickLeopold Strauss
55%
BookwriterMary-Beth
55%
Member who shot another memberSusan Grimshaw
55%
Member who disappeared in chapter 5Karen Jones
18%

Score Distribution

Percentile by Number Answered

Percent of People with Each Score

Your Score History

You have not taken this quiz